|
|
|
|
| LEADER |
00000cam a2200000 i 4500 |
| 001 |
1/82239 |
| 008 |
970306s1973 gr | ||| |||| ||gre|| |
| 035 |
|
|
|a 1990
|b 3
|c Δωρεά
|l 10033893
|
| 040 |
|
|
|a GR-MY-UA
|b gre
|e aacr
|
| 041 |
0 |
|
|a gre
|
| 082 |
7 |
|
|a 889.108
|2 (22)
|
| 100 |
1 |
|
|a Μαρτίνης, Γιώργος.
|
| 245 |
1 |
0 |
|a Ανθολογία δωδεκανησιακής ποιήσεως :
|b οι ποιητές και το έργο τους /
|c Γιώργου Μαρτίνη.
|
| 260 |
|
|
|a Ρόδος :
|b [χ.ό.],
|c 1973.
|
| 300 |
|
|
|a 3τ. ;
|c 24 εκ.
|
| 505 |
8 |
|
|a Τ.3. Νέοι και νεότεροι
|
| 650 |
0 |
0 |
|a Poets, Greek.
|
| 650 |
0 |
0 |
|a Greek poetry.
|
| 650 |
0 |
0 |
|a Poetry
|x Collections.
|
| 740 |
0 |
|
|a Νέοι και νεότεροι
|
| 852 |
|
|
|a INST
|b RHODES
|e 19970306
|h 889.108 ΜΑΡ
|p 005400000227
|q 005400000227
|t BK
|y 0
|
| 970 |
|
|
|z 2000/06
|